000 01928cam a22005417i 4500
001 22169225
003 OSt
005 20260331125805.0
008 210731s2021 sz ae 001 0 eng d
010 _a 2022385190
015 _aGBC0H1827
_2bnb
016 7 _a019999148
_2Uk
020 _a9783037682647
_q(hardcover)
020 _a3037682647
_q(hardcover)
024 3 _a99987018626
035 _a22169225
035 _a(OCoLC)1151895439
040 _aERASA
_beng
_erda
_cERASA
_dUKMGB
_dOCLCO
_dOCLCF
_dYDX
_dYDXIT
_dUY0
_dOHX
_dNDD
_dJPG
_dOCLCO
_dCNGUL
_dOCLCO
_dOCLCL
_dDLC
042 _alccopycat
050 0 0 _aNA4125
_b.U345 2021
082 0 4 _a721.0445 U345 2021
_223
084 _aTU37
_2clc
100 1 _aUffelen, Chris van,
_eauthor.
245 1 0 _aFascination concrete /
_cChris van Uffelen.
250 _a1st edition.
264 1 _a[Salenstein, Switzerland] :
_bBraun Publishing,
_c2021.
300 _a191 pages :
_billustrations (chiefly color), plans ;
_c29 cm
336 _atext
_btxt
_2rdacontent
336 _astill image
_bsti
_2rdacontent
337 _aunmediated
_bn
_2rdamedia
338 _avolume
_bnc
_2rdacarrier
500 _aIncludes index.
650 0 _aConcrete construction.
650 0 _aConcrete
_xHistory.
650 6 _aConstruction en béton.
650 6 _aBéton
_xHistoire.
650 7 _aConcrete construction.
_2cct
650 7 _aConcrete
_xHistory.
_2cct
650 7 _aHistory.
_2cct
650 7 _aConcrete
_2fast
650 7 _aConcrete construction
_2fast
655 7 _aHistory
_2fast
758 _ihas work:
_aFascination concrete (Text)
_1https://id.oclc.org/worldcat/entity/E39PCGtGCCbt8VDPVTCYwyxCPP
_4https://id.oclc.org/worldcat/ontology/hasWork
906 _a7
_bcbc
_ccopycat
_d3
_encip
_f20
_gy-gencatlg
942 _2ddc
_cBK-EN
_n0
999 _c8679
_d8679